00493nam a22001455i 4500001000700000003000900007005001700016008004100033040001300074100004600087245008200133260004900215300002000264852006300284166193ES-MaACL20250702063124.0940301m18541855gw |||| | eng d aAS bspa1 aThackeray, William Makepeace, d1811-186314aThe new comes b: memoirs of a most respectable family / cby W.M. Thackeray. aLeipzig : bBernhard Tauchnitz, c1854-1855. a4 v. ; c16 cm. aES-MaACLjG-12013-14 z-- Enc. hol. z-- Enc. 4 t. en 2 v.